Foraging behaviour and the evolution of primate intelligence (Registro nro. 10214)

Detalles MARC
000 -CABECERA
Campo de control 004640000a22001450004500
090 ## - CLASIFICACIÓN LOCAL
Colección AR
Consecutivo 01128
041 0# - IDIOMA
Código de idioma para texto/pista de sonido o título separado
100 1# - ASIENTO PRINCIPAL--NOMBRE PERSONAL
Nombre personal Milton, Katharine
245 10 - MENCION DE TITULO
Título Foraging behaviour and the evolution of primate intelligence
650 14 - ASIENTO SECUNDARIO DE MATERIA - TERMINO TEMATICO
Término temático o nombre geográfico como elemento de entrada Primates
650 14 - ASIENTO SECUNDARIO DE MATERIA - TERMINO TEMATICO
Término temático o nombre geográfico como elemento de entrada Hábitos alimentarios
650 14 - ASIENTO SECUNDARIO DE MATERIA - TERMINO TEMATICO
Término temático o nombre geográfico como elemento de entrada Evolución
773 1# - Item fuente:
Título Machiavellian Intelligence. Edited by Richard W. Byrne; Andrew Whiten
Especificación de materiales 420
Paginas del Articulo 285-305
Lugar, editorial y fecha de publicación 1988
942 ## - ELEMENTOS ADICIONALES (KOHA)
Tipo de ítem Artículo
Existencias
Withdrawn status Lost status Damaged status No para préstamo Colección Ubicación Permanente Ubicación actual Fecha de adquisición Fuente de Valor Datos de publicación Seriada Total Checkouts Número topográfico Inventario / Código de Barras Date last seen Ejemplar Price effective from Forma de adquisición Tipo de material
      No para Préstamo Hemeroteca Bogotá Bogotá 27/02/2015 INCIVA Fuera de circulación   AR 01128 011446 25/03/2015 1 25/03/2015   Artículo